Stock transfer boom (Record no. 69447)

MARC details
000 -LEADER
fixed length control field 00736cam a2200193 4500
001 - CONTROL NUMBER
control field WB3805-18
008 - FIXED-LENGTH DATA ELEMENTS--GENERAL INFORMATION
fixed length control field 020206n2002 000 0 eng u
035 ## - SYSTEM CONTROL NUMBER
System control number (Sirsi) u116625
245 ## - TITLE STATEMENT
Title Stock transfer boom
260 ## - PUBLICATION, DISTRIBUTION, ETC.
Date of publication, distribution, etc. 2002
490 ## - SERIES STATEMENT
Series statement Social Housing
Volume/sequential designation 14(1) January 2002, 1(1)
520 ## - SUMMARY, ETC.
Summary, etc. Loan fundings for social landlords are set to scale new peaks this year. Latest estimates indicate potential growth in loan demand from £3.47bn last year to £6.28bn in 2002, lifting the social housing sector's aggregate 1988-2002 loan facilities to nearly £30bn. Table.
590 ## - LOCAL NOTE (RLIN)
Local note WB
650 ## - SUBJECT ADDED ENTRY--TOPICAL TERM
Topical term or geographic name entry element SOCIAL LANDLORDS
650 ## - SUBJECT ADDED ENTRY--TOPICAL TERM
Topical term or geographic name entry element STOCK TRANSFER
650 ## - SUBJECT ADDED ENTRY--TOPICAL TERM
Topical term or geographic name entry element REGENERATION
690 ## - LOCAL SUBJECT ADDED ENTRY--TOPICAL TERM (OCLC, RLIN)
Topical term or geographic name as entry element Affordable housing
9 (RLIN) 6215
942 ## - ADDED ENTRY ELEMENTS (KOHA)
Suppress in OPAC 0
Holdings
Withdrawn status Lost status Source of classification or shelving scheme Damaged status Not for loan Home library Current library Shelving location Date acquired Total Checkouts Full call number Barcode Date last seen Copy number Price effective from Koha item type
    Dewey Decimal Classification     London London News article 06/02/2002   WB3805-18 116625-1001 06/08/2019 1 06/08/2019 News article